000 01046nam a22002417a 4500
005 20240530110858.0
008 141021s2009 le g b 000 0dara d
020 _a9789953822853
040 _aEG-CaGPL
082 0 4 _221
_a305.6261064/
_bع ح
100 0 _aعبدالحكيم ابو اللوز
245 1 2 _aالحركات السلفية فى المغرب :
_b1971 - 2004 : بحث انثروبولوجى سوسيولوجى /
_cعبدالحكيم ابو اللوز
250 _aط1
260 _aبيروت :
_bمركز دراسات الوحدة العربية ،
_c2009
300 _a463 ص ؛
_c24 سم
490 0 _aسلسلة اطروحات الدكتوراه ؛
_v79
504 _aيشتمل على ارجاعات ببليوجرافية
650 0 7 _2 qrmak
_aالحركات السلفية
_zالمغرب
650 0 7 _2qrmak
_aالفرق الاسلامية
_zالمغرب
650 0 7 _2qrmak
_aعلم الاجتماع الاسلامى
942 _2ddc
_cBK
999 _c66070
_d66070